| 000 | 00945npm a2200181 4500 | ||
|---|---|---|---|
| 003 | OSt | ||
| 005 | 20250405154905.0 | ||
| 007 | zm | ||
| 008 | 250401b |||||||| |||| 0| i|fre d | ||
| 040 | _cautismepaimpol.fr | ||
| 245 | _aImagier photo - Les aliments | ||
| 246 | _aS'approprier le vocabulaire des aliments. Enrichir le lexique. Favoriser les regroupements et les classifications d'aliments. | ||
| 260 |
_bNATHAN _c01/05/2015 |
||
| 500 | _a3 séries de 35 photos pour s'approprier le vocabulaire des aliments. | ||
| 520 | _aLes 105 images grand format (15 x 12 cm) permettent d'enrichir le lexique des enfants, favorisent les regroupements et les classifications d'aliments. | ||
| 562 | _dChaque aliment est photographié hors contexte afin de le nommer sans équivoque. 1 boite de rangement avec 3 intercalaires. Dim. 15 x 12 cm. Nb. de pages 105 pages Poids 0.935 Kg Dimensions 13,5 cm × 16,0 cm × 8,0 cm | ||
| 942 | _cCARTPHOTO | ||
| 999 |
_c157 _d157 |
||